[Event "European Chess Club Cup 2023"]
[Site "Durres, Albania"]
[Date "2023.10.01"]
[Round "1.22"]
[White "Murphy, Hugh W"]
[Black "Movsesian, Sergei"]
[Result "0-1"]
[TimeControl "90' + 30' & 30\""]
[WhiteElo "2028"]
[BlackElo "2606"]

1. d4 {[%clk 01:30:53]} {[%emt 00:00:07]} Nf6 {[%clk 01:30:53]} {[%emt
00:00:05]} 2. Nf3 {[%clk 01:31:13]} {[%emt 00:00:11]} d6 {[%clk 01:31:16]}
{[%emt 00:00:07]} 3. Nc3 {[%clk 01:31:15]} {[%emt 00:00:28]} Bf5 {[%clk
01:31:12]} {[%emt 00:00:33]} 4. Nh4 {[%clk 01:21:34]} {[%emt 00:10:11]} Bd7
{[%clk 01:31:04]} {[%emt 00:00:38]} 5. e4 {[%clk 01:20:58]} {[%emt 00:01:06]}
e5 {[%clk 01:30:28]} {[%emt 00:01:05]} 6. Nf3 {[%clk 01:20:41]} {[%emt
00:00:48]} exd4 {[%clk 01:28:11]} {[%emt 00:02:47]} 7. Nxd4 {[%clk 01:20:59]}
{[%emt 00:00:12]} g6 {[%clk 01:27:27]} {[%emt 00:01:13]} 8. g3 {[%clk
01:17:20]} {[%emt 00:04:09]} Bg7 {[%clk 01:25:15]} {[%emt 00:02:42]} 9. Bg2
{[%clk 01:17:40]} {[%emt 00:00:09]} O-O {[%clk 01:24:04]} {[%emt 00:01:42]} 10.
O-O {[%clk 01:17:44]} {[%emt 00:00:27]} Nc6 {[%clk 01:22:41]} {[%emt 00:01:53]}
11. Nde2 {[%clk 01:16:48]} {[%emt 00:01:25]} Re8 {[%clk 01:21:38]} {[%emt
00:01:33]} 12. h3 {[%clk 01:14:45]} {[%emt 00:02:34]} b5 {[%clk 01:14:12]}
{[%emt 00:07:55]} 13. f3 {[%clk 01:00:51]} {[%emt 00:14:29]} b4 {[%clk
01:11:09]} {[%emt 00:03:29]} 14. Nd5 {[%clk 01:01:09]} {[%emt 00:00:11]} Nxd5
{[%clk 01:11:09]} {[%emt 00:00:30]} 15. exd5 {[%clk 00:58:42]} {[%emt
00:02:57]} Na5 {[%clk 01:09:25]} {[%emt 00:02:14]} 16. a3 {[%clk 00:51:11]}
{[%emt 00:08:01]} Qb8 {[%clk 01:03:44]} {[%emt 00:06:11]} 17. axb4 {[%clk
00:48:24]} {[%emt 00:03:18]} Qxb4 {[%clk 01:04:08]} {[%emt 00:00:06]} 18. c3
{[%clk 00:45:24]} {[%emt 00:03:30]} Qb6+ {[%clk 01:01:02]} {[%emt 00:03:35]} 19.
Kh2 {[%clk 00:44:50]} {[%emt 00:01:04]} Nb3 {[%clk 00:55:51]} {[%emt 00:05:40]}
20. Ra3 {[%clk 00:40:56]} {[%emt 00:04:25]} Nxc1 {[%clk 00:53:25]} {[%emt
00:02:56]} 21. Nxc1 {[%clk 00:41:15]} {[%emt 00:00:11]} Qxb2 {[%clk 00:53:27]}
{[%emt 00:00:27]} 22. Rb3 {[%clk 00:39:41]} {[%emt 00:02:04]} Qa1 {[%clk
00:53:48]} {[%emt 00:00:09]} 23. Nd3 {[%clk 00:39:25]} {[%emt 00:00:48]} Qxd1
{[%clk 00:54:03]} {[%emt 00:00:15]} 24. Rxd1 {[%clk 00:39:49]} {[%emt
00:00:06]} Ba4 {[%clk 00:54:31]} {[%emt 00:00:02]} 0-1

[Event "European Chess Club Cup 2023"]
[Site "Durres, Albania"]
[Date "2023.10.01"]
[Round "1.23"]
[White "Cornette, Matthieu"]
[Black "Mccarthy, Kevin C"]
[Result "1-0"]
[TimeControl "90' + 30' & 30\""]
[WhiteElo "2581"]
[BlackElo "1995"]

1. e4 {[%clk 01:30:55]} {[%emt 00:00:02]} e6 {[%clk 01:30:38]} {[%emt
00:00:23]} 2. d4 {[%clk 01:31:15]} {[%emt 00:00:12]} d5 {[%clk 01:30:56]}
{[%emt 00:00:10]} 3. e5 {[%clk 01:31:00]} {[%emt 00:00:44]} c5 {[%clk
01:30:33]} {[%emt 00:00:55]} 4. c3 {[%clk 01:31:24]} {[%emt 00:00:04]} Nc6
{[%clk 01:30:34]} {[%emt 00:00:29]} 5. Nf3 {[%clk 01:31:47]} {[%emt 00:00:06]}
cxd4 {[%clk 01:23:14]} {[%emt 00:07:51]} 6. cxd4 {[%clk 01:31:56]} {[%emt
00:00:21]} Qb6 {[%clk 01:21:56]} {[%emt 00:01:48]} 7. Nc3 {[%clk 01:29:39]}
{[%emt 00:02:46]} Bd7 {[%clk 01:14:43]} {[%emt 00:07:42]} 8. Be2 {[%clk
01:29:05]} {[%emt 00:01:03]} Nge7 {[%clk 01:07:30]} {[%emt 00:07:44]} 9. O-O
{[%clk 01:23:06]} {[%emt 00:06:29]} Nf5 {[%clk 01:03:05]} {[%emt 00:04:56]} 10.
Na4 {[%clk 01:23:30]} {[%emt 00:00:06]} Qc7 {[%clk 00:55:08]} {[%emt 00:08:27]}
11. g4 {[%clk 01:14:21]} {[%emt 00:09:38]} Nfe7 {[%clk 00:49:01]} {[%emt
00:06:37]} 12. Bf4 {[%clk 01:13:28]} {[%emt 00:01:24]} Ng6 {[%clk 00:48:38]}
{[%emt 00:00:53]} 13. Bg3 {[%clk 01:13:44]} {[%emt 00:00:13]} Be7 {[%clk
00:48:34]} {[%emt 00:00:35]} 14. a3 {[%clk 01:12:00]} {[%emt 00:02:14]} h5
{[%clk 00:42:35]} {[%emt 00:06:29]} 15. gxh5 {[%clk 01:10:22]} {[%emt
00:02:07]} Rxh5 {[%clk 00:42:41]} {[%emt 00:00:24]} 16. Rc1 {[%clk 01:10:43]}
{[%emt 00:00:10]} Rh6 {[%clk 00:33:53]} {[%emt 00:09:18]} 17. b4 {[%clk
01:08:44]} {[%emt 00:02:29]} a6 {[%clk 00:33:12]} {[%emt 00:01:11]} 18. Nc5
{[%clk 01:06:54]} {[%emt 00:02:19]} Nh4 {[%clk 00:31:05]} {[%emt 00:02:38]} 19.
Nxh4 {[%clk 01:05:15]} {[%emt 00:02:09]} Bxh4 {[%clk 00:29:14]} {[%emt
00:02:21]} 20. a4 {[%clk 01:04:32]} {[%emt 00:01:13]} Qb6 {[%clk 00:21:46]}
{[%emt 00:07:57]} 21. b5 {[%clk 01:04:04]} {[%emt 00:00:58]} axb5 {[%clk
00:20:55]} {[%emt 00:01:21]} 22. Bxb5 {[%clk 01:03:31]} {[%emt 00:01:03]} Rc8
{[%clk 00:19:19]} {[%emt 00:02:06]} 23. Qg4 {[%clk 01:01:46]} {[%emt 00:02:14]}
Be7 {[%clk 00:14:49]} {[%emt 00:05:00]} 24. Qxg7 {[%clk 01:00:23]} {[%emt
00:01:54]} Rg6 {[%clk 00:13:59]} {[%emt 00:01:20]} 25. Qh7 {[%clk 00:59:25]}
{[%emt 00:01:27]} Bxc5 {[%clk 00:11:25]} {[%emt 00:03:05]} 26. Rxc5 {[%clk
00:59:42]} {[%emt 00:00:13]} Rc7 {[%clk 00:09:53]} {[%emt 00:02:02]} 27. Kh1
{[%clk 00:59:06]} {[%emt 00:01:06]} Ne7 {[%clk 00:07:24]} {[%emt 00:02:59]} 28.
Bd3 {[%clk 00:53:41]} {[%emt 00:05:54]} Nf5 {[%clk 00:06:41]} {[%emt 00:01:14]}
29. Qh8+ {[%clk 00:49:09]} {[%emt 00:05:02]} Ke7 {[%clk 00:06:56]} {[%emt
00:00:15]} 30. Bh4+ {[%clk 00:49:25]} {[%emt 00:00:13]} 1-0

[Event "European Chess Club Cup 2023"]
[Site "Durres, Albania"]
[Date "2023.10.01"]
[Round "1.24"]
[White "Purton, Ben J"]
[Black "Degraeve, Jean-Marc"]
[Result "0-1"]
[TimeControl "90' + 30' & 30\""]
[WhiteElo "2163"]
[BlackElo "2479"]

1. e4 {[%clk 01:30:58]} {[%emt 00:00:01]} c5 {[%clk 01:30:40]} {[%emt
00:00:21]} 2. Nf3 {[%clk 01:31:24]} {[%emt 00:00:03]} d6 {[%clk 01:30:47]}
{[%emt 00:00:22]} 3. Bb5+ {[%clk 01:31:00]} {[%emt 00:00:55]} Nd7 {[%clk
01:30:21]} {[%emt 00:00:55]} 4. O-O {[%clk 01:31:01]} {[%emt 00:00:30]} Ngf6
{[%clk 01:30:31]} {[%emt 00:00:19]} 5. Re1 {[%clk 01:30:47]} {[%emt 00:00:45]}
a6 {[%clk 01:29:32]} {[%emt 00:01:29]} 6. Bf1 {[%clk 01:30:19]} {[%emt
00:00:58]} b6 {[%clk 01:28:44]} {[%emt 00:01:18]} 7. d4 {[%clk 01:29:15]}
{[%emt 00:01:38]} cxd4 {[%clk 01:29:02]} {[%emt 00:00:18]} 8. Nxd4 {[%clk
01:29:37]} Bb7 {[%clk 01:29:14]} {[%emt 00:00:28]} 9. Nc3 {[%clk 01:29:48]}
{[%emt 00:00:08]} e6 {[%clk 01:29:01]} {[%emt 00:00:43]} 10. f4 {[%clk
01:28:20]} {[%emt 00:01:58]} Qc7 {[%clk 01:26:57]} {[%emt 00:02:34]} 11. Kh1
{[%clk 01:25:57]} {[%emt 00:02:53]} h5 {[%clk 01:22:26]} {[%emt 00:05:01]} 12.
f5 {[%clk 01:20:19]} {[%emt 00:06:08]} e5 {[%clk 01:22:40]} {[%emt 00:00:16]}
13. Nf3 {[%clk 01:20:31]} {[%emt 00:00:19]} b5 {[%clk 01:22:30]} {[%emt
00:00:40]} 14. a3 {[%clk 01:20:23]} {[%emt 00:00:37]} Be7 {[%clk 01:22:07]}
{[%emt 00:00:53]} 15. Bg5 {[%clk 01:19:39]} {[%emt 00:01:15]} Rd8 {[%clk
01:16:47]} {[%emt 00:05:50]} 16. Bd3 {[%clk 01:16:27]} {[%emt 00:03:42]} Nb6
{[%clk 01:05:34]} {[%emt 00:11:42]} 17. Qe2 {[%clk 01:14:22]} {[%emt 00:02:39]}
Nc4 {[%clk 01:00:20]} {[%emt 00:05:41]} 18. Bxc4 {[%clk 01:14:20]} {[%emt
00:00:32]} Qxc4 {[%clk 01:00:43]} {[%emt 00:00:07]} 19. Qxc4 {[%clk 01:12:02]}
{[%emt 00:02:48]} bxc4 {[%clk 01:01:11]} {[%emt 00:00:02]} 20. b4 {[%clk
01:07:14]} {[%emt 00:05:18]} cxb3 {[%clk 01:00:20]} {[%emt 00:01:21]} 21. cxb3
{[%clk 01:07:36]} {[%emt 00:00:08]} Ng4 {[%clk 00:57:16]} {[%emt 00:03:34]} 22.
Bxe7 {[%clk 01:03:29]} {[%emt 00:04:36]} Kxe7 {[%clk 00:57:34]} {[%emt
00:00:13]} 23. Kg1 {[%clk 01:03:39]} {[%emt 00:00:20]} Rc8 {[%clk 00:57:23]}
{[%emt 00:00:40]} 24. Rac1 {[%clk 01:03:47]} {[%emt 00:00:22]} Nf6 {[%clk
00:57:45]} {[%emt 00:00:08]} 25. Nd2 {[%clk 01:03:00]} {[%emt 00:01:16]} Rc5
{[%clk 00:53:38]} {[%emt 00:04:37]} 26. Na4 {[%clk 00:50:18]} {[%emt 00:13:13]}
Rxc1 {[%clk 00:48:50]} {[%emt 00:05:17]} 27. Rxc1 {[%clk 00:50:42]} {[%emt
00:00:06]} Nxe4 {[%clk 00:43:46]} {[%emt 00:05:35]} 28. Rc7+ {[%clk 00:50:13]}
{[%emt 00:00:59]} Kf6 {[%clk 00:43:55]} {[%emt 00:00:21]} 29. Nxe4+ {[%clk
00:44:25]} {[%emt 00:06:17]} Bxe4 {[%clk 00:43:53]} {[%emt 00:00:33]} 30. Rd7
{[%clk 00:44:51]} {[%emt 00:00:03]} Rc8 {[%clk 00:43:27]} {[%emt 00:00:56]} 31.
Rxd6+ {[%clk 00:43:06]} {[%emt 00:02:16]} Kxf5 {[%clk 00:43:37]} {[%emt
00:00:20]} 32. Rd2 {[%clk 00:42:40]} {[%emt 00:00:55]} Rc1+ {[%clk 00:42:09]}
{[%emt 00:01:58]} 33. Kf2 {[%clk 00:43:04]} {[%emt 00:00:07]} Bc6 {[%clk
00:42:32]} {[%emt 00:00:07]} 34. Nb2 {[%clk 00:43:10]} {[%emt 00:00:23]} Rc3
{[%clk 00:41:55]} {[%emt 00:01:06]} 35. Nc4 {[%clk 00:43:25]} {[%emt 00:00:17]}
Rxb3 {[%clk 00:40:49]} {[%emt 00:01:36]} 36. Rd6 {[%clk 00:43:18]} {[%emt
00:00:37]} Bb5 {[%clk 00:40:31]} {[%emt 00:00:49]} 0-1

[Event "European Chess Club Cup 2023"]
[Site "Durres, Albania"]
[Date "2023.10.01"]
[Round "1.25"]
[White "Korobov, Anton"]
[Black "Ledger, Andrew J"]
[Result "1-0"]
[TimeControl "90' + 30' & 30\""]
[WhiteElo "2658"]
[BlackElo "2314"]

1. d4 {[%clk 01:30:56]} {[%emt 00:00:04]} d5 {[%clk 01:30:51]} {[%emt
00:00:09]} 2. Nf3 {[%clk 01:30:59]} {[%emt 00:00:28]} Nf6 {[%clk 01:31:10]}
{[%emt 00:00:10]} 3. c4 {[%clk 01:31:22]} {[%emt 00:00:07]} c6 {[%clk
01:31:18]} {[%emt 00:00:21]} 4. Nc3 {[%clk 01:31:43]} {[%emt 00:00:09]} dxc4
{[%clk 01:31:15]} {[%emt 00:00:34]} 5. a4 {[%clk 01:32:07]} {[%emt 00:00:07]}
Bf5 {[%clk 01:31:12]} {[%emt 00:00:32]} 6. e3 {[%clk 01:32:26]} {[%emt
00:00:11]} e6 {[%clk 01:31:00]} {[%emt 00:00:45]} 7. Bxc4 {[%clk 01:32:48]}
{[%emt 00:00:07]} Bb4 {[%clk 01:30:53]} {[%emt 00:00:37]} 8. O-O {[%clk
01:32:56]} {[%emt 00:00:18]} Nbd7 {[%clk 01:30:28]} {[%emt 00:00:57]} 9. Qe2
{[%clk 01:33:19]} {[%emt 00:00:07]} Bg6 {[%clk 01:29:54]} {[%emt 00:01:03]} 10.
e4 {[%clk 01:33:32]} {[%emt 00:00:17]} O-O {[%clk 01:29:03]} {[%emt 00:01:21]}
11. Bd3 {[%clk 01:31:40]} {[%emt 00:02:22]} Bh5 {[%clk 01:27:07]} {[%emt
00:02:27]} 12. e5 {[%clk 01:30:23]} {[%emt 00:01:46]} Nd5 {[%clk 01:27:30]}
{[%emt 00:00:08]} 13. Nxd5 {[%clk 01:30:44]} {[%emt 00:00:08]} cxd5 {[%clk
01:27:43]} {[%emt 00:00:17]} 14. Qe3 {[%clk 01:30:59]} {[%emt 00:00:15]} Re8
{[%clk 01:21:34]} {[%emt 00:06:40]} 15. Ng5 {[%clk 01:23:36]} {[%emt 00:07:54]}
Bg6 {[%clk 01:20:31]} {[%emt 00:01:32]} 16. Bxg6 {[%clk 01:21:01]} {[%emt
00:03:05]} fxg6 {[%clk 01:18:49]} {[%emt 00:02:12]} 17. a5 {[%clk 01:11:12]}
{[%emt 00:10:19]} Nf8 {[%clk 01:04:37]} {[%emt 00:14:41]} 18. a6 {[%clk
01:06:17]} {[%emt 00:05:26]} b5 {[%clk 00:58:36]} {[%emt 00:06:31]} 19. Bd2
{[%clk 01:02:08]} {[%emt 00:04:38]} Be7 {[%clk 00:43:44]} {[%emt 00:15:23]} 20.
h4 {[%clk 00:57:33]} {[%emt 00:05:04]} h6 {[%clk 00:38:17]} {[%emt 00:05:57]}
21. Nf3 {[%clk 00:57:12]} {[%emt 00:00:50]} Rc8 {[%clk 00:37:39]} {[%emt
00:01:08]} 22. Qd3 {[%clk 00:51:04]} {[%emt 00:06:39]} Qb6 {[%emt 00:07:09]} 23.
Ra5 {[%clk 00:49:36]} Rc6 {[%clk 00:27:15]} {[%emt 00:06:14]} 24. Qxb5 {[%clk
00:47:46]} {[%emt 00:02:20]} Rb8 {[%clk 00:25:49]} {[%emt 00:01:56]} 25. Qxb6
{[%clk 00:38:53]} {[%emt 00:09:23]} Rbxb6 {[%clk 00:26:07]} {[%emt 00:00:11]}
26. Bc3 {[%clk 00:39:03]} {[%emt 00:00:20]} Nd7 {[%clk 00:23:13]} {[%emt
00:03:23]} 27. Raa1 {[%clk 00:30:33]} {[%emt 00:09:01]} Rxa6 {[%clk 00:19:43]}
{[%emt 00:04:01]} 28. Ba5 {[%clk 00:27:48]} {[%emt 00:03:15]} Rc4 {[%clk
00:16:08]} {[%emt 00:04:04]} 29. b4 {[%clk 00:26:39]} {[%emt 00:01:39]} Bxb4
{[%clk 00:12:07]} {[%emt 00:04:32]} 30. Bxb4 {[%clk 00:26:58]} {[%emt
00:00:10]} Rxa1 {[%clk 00:12:33]} {[%emt 00:00:04]} 31. Rxa1 {[%clk 00:27:18]}
{[%emt 00:00:10]} Rxb4 {[%clk 00:13:01]} {[%emt 00:00:03]} 32. Rxa7 {[%emt
00:02:03]} Nb8 {[%clk 00:11:37]} 33. Re7 {[%clk 00:23:57]} {[%emt 00:04:11]}
Rb6 {[%clk 00:11:30]} {[%emt 00:00:38]} 34. Kf1 {[%clk 00:20:31]} {[%emt
00:03:55]} Kf8 {[%clk 00:11:47]} {[%emt 00:00:14]} 35. Rc7 {[%clk 00:20:49]}
{[%emt 00:00:11]} Nc6 {[%clk 00:10:17]} {[%emt 00:02:00]} 36. Ke2 {[%clk
00:20:15]} {[%emt 00:01:04]} Ne7 {[%clk 00:09:19]} {[%emt 00:01:28]} 37. Rc2
{[%clk 00:19:04]} {[%emt 00:01:41]} Ke8 {[%clk 00:06:37]} {[%emt 00:03:13]} 38.
g3 {[%clk 00:17:12]} {[%emt 00:02:21]} Nc6 {[%clk 00:06:26]} {[%emt 00:00:41]}
39. Rc3 {[%clk 00:16:50]} {[%emt 00:00:52]} Kd7 {[%clk 00:06:17]} {[%emt
00:00:39]} 40. Ke3 {[%clk 00:17:13]} {[%emt 00:00:06]} Rb4 {[%clk 00:05:44]}
{[%emt 00:01:05]} 41. Ra3 {[%clk 00:17:26]} {[%emt 00:00:17]} Kc7 {[%clk
00:02:49]} {[%emt 00:03:25]} 42. Ra8 {[%clk 00:14:47]} {[%emt 00:03:07]} Rb8
{[%clk 00:02:30]} {[%emt 00:00:50]} 43. Rxb8 {[%clk 00:14:57]} {[%emt
00:00:20]} Kxb8 {[%clk 00:00:45]} {[%emt 00:02:15]} 44. Ne1 {[%clk 00:13:46]}
{[%emt 00:01:41]} Kc7 {[%clk 00:29:48]} {[%emt 00:01:27]} 45. Nd3 {[%clk
00:43:10]} {[%emt 00:01:05]} Kd7 {[%clk 00:30:13]} {[%emt 00:00:06]} 46. Nf4
{[%clk 00:43:13]} {[%emt 00:00:26]} Ne7 {[%clk 00:28:09]} {[%emt 00:02:36]} 47.
g4 {[%clk 00:38:13]} {[%emt 00:05:29]} h5 {[%clk 00:17:14]} {[%emt 00:11:25]}
48. f3 {[%clk 00:38:38]} {[%emt 00:00:05]} hxg4 {[%clk 00:16:18]} {[%emt
00:01:27]} 49. fxg4 {[%clk 00:39:05]} {[%emt 00:00:02]} Nc6 {[%clk 00:15:49]}
{[%emt 00:00:59]} 50. Nxg6 {[%clk 00:39:28]} {[%emt 00:00:07]} Ke8 {[%clk
00:16:12]} {[%emt 00:00:08]} 51. Nf4 {[%clk 00:38:42]} {[%emt 00:01:15]} Kf7
{[%clk 00:16:35]} {[%emt 00:00:07]} 52. h5 {[%clk 00:39:05]} {[%emt 00:00:06]}
Ne7 {[%clk 00:16:25]} {[%emt 00:00:42]} 53. Kd3 {[%clk 00:38:41]} {[%emt
00:00:54]} Nc6 {[%clk 00:13:59]} {[%emt 00:02:56]} 54. Kc3 {[%clk 00:38:06]}
{[%emt 00:01:04]} Na5 {[%clk 00:14:02]} {[%emt 00:00:28]} 55. g5 {[%clk
00:36:26]} {[%emt 00:02:09]} Nc4 {[%clk 00:13:22]} {[%emt 00:01:11]} 56. h6
{[%clk 00:36:25]} {[%emt 00:00:30]} gxh6 {[%clk 00:13:44]} {[%emt 00:00:09]} 57.
gxh6 {[%clk 00:36:53]} {[%emt 00:00:01]} Nb6 {[%clk 00:13:29]} {[%emt
00:00:46]} 58. Nxe6 {[%clk 00:36:21]} {[%emt 00:01:01]} Kg6 {[%clk 00:13:54]}
{[%emt 00:00:05]} 59. Kb4 {[%clk 00:36:43]} {[%emt 00:00:08]} 1-0

[Event "European Chess Club Cup 2023"]
[Site "Durres, Albania"]
[Date "2023.10.01"]
[Round "1.26"]
[White "Bates, Richard A"]
[Black "Kryvoruchko, Yuriy"]
[Result "0-1"]
[TimeControl "90' + 30' & 30\""]
[WhiteElo "2324"]
[BlackElo "2656"]

1. d4 {[%clk 01:30:45]} {[%emt 00:00:14]} Nf6 {[%clk 01:30:54]} {[%emt
00:00:06]} 2. Nf3 {[%clk 01:30:39]} {[%emt 00:00:36]} e6 {[%clk 01:31:07]}
{[%emt 00:00:18]} 3. c4 {[%clk 01:30:43]} {[%emt 00:00:26]} b6 {[%clk
01:31:31]} {[%emt 00:00:06]} 4. g3 {[%clk 01:30:43]} {[%emt 00:00:30]} Bb7
{[%clk 01:31:56]} {[%emt 00:00:06]} 5. Bg2 {[%clk 01:31:06]} {[%emt 00:00:08]}
Bb4+ {[%clk 01:32:20]} {[%emt 00:00:03]} 6. Bd2 {[%clk 01:31:13]} {[%emt
00:00:23]} c5 {[%clk 01:32:46]} {[%emt 00:00:04]} 7. Bxb4 {[%clk 01:30:32]}
{[%emt 00:01:12]} cxb4 {[%clk 01:33:12]} {[%emt 00:00:03]} 8. O-O {[%clk
01:29:38]} {[%emt 00:01:25]} O-O {[%clk 01:33:38]} {[%emt 00:00:02]} 9. Qd3
{[%clk 01:27:04]} {[%emt 00:03:03]} d6 {[%clk 01:33:47]} {[%emt 00:00:22]} 10.
Nbd2 {[%clk 01:26:45]} {[%emt 00:00:48]} Re8 {[%clk 01:33:04]} {[%emt
00:01:14]} 11. Rfd1 {[%clk 01:22:29]} {[%emt 00:04:46]} Qc7 {[%clk 01:25:52]}
{[%emt 00:07:43]} 12. a3 {[%clk 01:12:07]} {[%emt 00:10:51]} bxa3 {[%clk
01:20:49]} {[%emt 00:05:33]} 13. Qxa3 {[%clk 01:09:47]} {[%emt 00:02:49]} Nbd7
{[%clk 01:11:59]} {[%emt 00:09:22]} 14. Rac1 {[%clk 01:06:51]} {[%emt
00:03:25]} a5 {[%clk 01:00:40]} {[%emt 00:11:49]} 15. Nb1 {[%clk 01:03:41]}
{[%emt 00:03:39]} Rac8 {[%clk 00:51:09]} {[%emt 00:10:02]} 16. Nc3 {[%clk
00:54:18]} {[%emt 00:09:53]} Qxc4 {[%clk 00:47:36]} {[%emt 00:04:04]} 17. Ne5
{[%clk 00:44:14]} {[%emt 00:10:34]} dxe5 {[%clk 00:42:45]} {[%emt 00:05:22]} 18.
Bxb7 {[%clk 00:43:07]} {[%emt 00:01:36]} Rb8 {[%clk 00:32:59]} {[%emt
00:10:15]} 19. Na2 {[%clk 00:26:16]} {[%emt 00:17:20]} Qxe2 {[%clk 00:30:01]}
{[%emt 00:03:29]} 20. Bf3 {[%clk 00:26:39]} {[%emt 00:00:08]} Qb5 {[%clk
00:24:20]} {[%emt 00:06:10]} 21. Bc6 {[%clk 00:26:28]} {[%emt 00:00:41]} Qa6
{[%clk 00:23:08]} {[%emt 00:01:42]} 22. dxe5 {[%clk 00:23:26]} {[%emt
00:03:32]} Nxe5 {[%clk 00:23:35]} {[%emt 00:00:04]} 23. Bxe8 {[%clk 00:22:50]}
{[%emt 00:01:05]} Rxe8 {[%clk 00:24:01]} {[%emt 00:00:04]} 24. Qe3 {[%clk
00:21:08]} {[%emt 00:02:12]} Nfg4 {[%clk 00:21:16]} {[%emt 00:03:16]} 25. Qe4
{[%clk 00:13:19]} {[%emt 00:08:18]} f5 {[%clk 00:21:12]} {[%emt 00:00:34]} 26.
Qa4 {[%clk 00:10:05]} {[%emt 00:03:44]} b5 {[%clk 00:17:51]} {[%emt 00:03:51]}
27. Qf4 {[%clk 00:08:05]} {[%emt 00:02:30]} h6 {[%clk 00:10:08]} {[%emt
00:08:13]} 28. Rc7 {[%clk 00:06:57]} {[%emt 00:01:38]} Qb6 {[%clk 00:09:10]}
{[%emt 00:01:29]} 29. Rc3 {[%clk 00:04:00]} {[%emt 00:03:25]} b4 {[%clk
00:09:26]} {[%emt 00:00:16]} 30. Rb3 {[%clk 00:04:12]} {[%emt 00:00:18]} Qc6
{[%clk 00:07:49]} {[%emt 00:02:07]} 31. Nc1 {[%clk 00:01:04]} {[%emt 00:03:37]}
a4 {[%clk 00:02:49]} {[%emt 00:05:31]} 32. h3 {[%clk 00:01:14]} {[%emt
00:00:20]} axb3 {[%clk 00:02:46]} {[%emt 00:00:32]} 33. hxg4 {[%clk 00:01:38]}
{[%emt 00:00:06]} Nxg4 {[%clk 00:01:54]} {[%emt 00:01:22]} 34. Qxb4 {[%clk
00:01:04]} {[%emt 00:01:04]} Qc2 {[%clk 00:01:07]} {[%emt 00:01:17]} 35. Qd4
{[%clk 00:00:39]} {[%emt 00:00:56]} Nxf2 {[%clk 00:01:26]} {[%emt 00:00:11]}
0-1

[Event "European Chess Club Cup 2023"]
[Site "Durres, Albania"]
[Date "2023.10.01"]
[Round "1.27"]
[White "Wagner, Dennis"]
[Black "Ledger, Dave J"]
[Result "1-0"]
[TimeControl "90' + 30' & 30\""]
[WhiteElo "2589"]
[BlackElo "2188"]

1. d4 {[%clk 01:30:55]} {[%emt 00:00:05]} Nf6 {[%clk 01:30:49]} {[%emt
00:00:11]} 2. c4 {[%clk 01:31:18]} {[%emt 00:00:07]} e6 {[%clk 01:31:00]}
{[%emt 00:00:19]} 3. Nc3 {[%clk 01:31:12]} {[%emt 00:00:36]} Bb4 {[%clk
01:30:55]} {[%emt 00:00:36]} 4. e3 {[%clk 01:31:33]} {[%emt 00:00:08]} d5
{[%clk 01:30:32]} {[%emt 00:00:52]} 5. a3 {[%clk 01:25:01]} {[%emt 00:07:04]}
Bxc3+ {[%clk 01:29:08]} {[%emt 00:01:54]} 6. bxc3 {[%clk 01:24:54]} {[%emt
00:00:36]} O-O {[%clk 01:28:40]} {[%emt 00:00:58]} 7. cxd5 {[%clk 01:25:14]}
{[%emt 00:00:10]} exd5 {[%clk 01:29:04]} {[%emt 00:00:07]} 8. Bd3 {[%clk
01:25:30]} {[%emt 00:00:13]} c5 {[%clk 01:26:20]} {[%emt 00:03:15]} 9. Ne2
{[%clk 01:23:51]} {[%emt 00:02:08]} Nc6 {[%clk 01:24:32]} {[%emt 00:02:18]} 10.
f3 {[%clk 01:18:28]} {[%emt 00:05:53]} Re8 {[%clk 01:21:46]} {[%emt 00:03:16]}
11. O-O {[%clk 01:18:50]} {[%emt 00:00:07]} b6 {[%clk 01:14:48]} {[%emt
00:07:29]} 12. Nf4 {[%clk 01:17:28]} {[%emt 00:01:51]} Ne7 {[%clk 01:03:22]}
{[%emt 00:11:57]} 13. g4 {[%clk 00:48:08]} {[%emt 00:29:49]} Ng6 {[%clk
00:54:22]} {[%emt 00:09:31]} 14. Ra2 {[%clk 00:47:06]} {[%emt 00:01:32]} Nxf4
{[%clk 00:46:02]} {[%emt 00:08:50]} 15. exf4 {[%clk 00:47:34]} {[%emt
00:00:02]} cxd4 {[%clk 00:46:17]} {[%emt 00:00:15]} 16. cxd4 {[%clk 00:47:39]}
{[%emt 00:00:25]} Qd6 {[%clk 00:40:59]} {[%emt 00:05:48]} 17. Rg2 {[%clk
00:30:14]} {[%emt 00:17:55]} Bd7 {[%clk 00:39:01]} {[%emt 00:02:29]} 18. f5
{[%clk 00:28:27]} {[%emt 00:02:16]} Rac8 {[%clk 00:36:01]} {[%emt 00:03:30]} 19.
h4 {[%clk 00:25:58]} {[%emt 00:02:59]} Rc3 {[%clk 00:28:45]} {[%emt 00:07:46]}
20. Qd2 {[%clk 00:23:15]} {[%emt 00:03:12]} Rec8 {[%clk 00:26:40]} {[%emt
00:02:36]} 21. Bb2 {[%clk 00:19:19]} {[%emt 00:04:26]} Rb3 {[%clk 00:22:48]}
{[%emt 00:04:21]} 22. Re1 {[%clk 00:16:43]} {[%emt 00:03:07]} Bb5 {[%clk
00:18:53]} {[%emt 00:04:25]} 23. Bxb5 {[%clk 00:16:53]} {[%emt 00:00:20]} Rxb5
{[%clk 00:19:12]} {[%emt 00:00:12]} 24. Qe3 {[%clk 00:06:10]} {[%emt 00:11:13]}
a5 {[%clk 00:13:24]} {[%emt 00:06:17]} 25. g5 {[%clk 00:03:42]} {[%emt
00:02:58]} Nd7 {[%clk 00:10:53]} {[%emt 00:03:01]} 26. a4 {[%clk 00:04:09]}
{[%emt 00:00:04]} Rxb2 {[%clk 00:10:48]} {[%emt 00:00:34]} 27. Rxb2 {[%clk
00:04:37]} {[%emt 00:00:02]} Qg3+ {[%clk 00:10:55]} {[%emt 00:00:23]} 28. Rg2
{[%clk 00:04:05]} {[%emt 00:01:02]} Qxh4 {[%clk 00:11:00]} {[%emt 00:00:25]} 29.
Rg4 {[%clk 00:03:13]} {[%emt 00:01:22]} Qh5 {[%clk 00:09:02]} {[%emt 00:02:28]}
30. Qf4 {[%clk 00:02:53]} {[%emt 00:00:50]} Rc3 {[%clk 00:07:14]} {[%emt
00:02:18]} 31. Re8+ {[%clk 00:01:26]} {[%emt 00:01:57]} Nf8 {[%clk 00:07:40]}
{[%emt 00:00:05]} 32. Qd6 {[%clk 00:01:23]} {[%emt 00:00:32]} Rc1+ {[%clk
00:07:59]} {[%emt 00:00:11]} 33. Kf2 {[%clk 00:01:49]} {[%emt 00:00:03]} Rc2+
{[%clk 00:07:56]} {[%emt 00:00:34]} 34. Ke3 {[%clk 00:01:56]} {[%emt 00:00:22]}
1-0